| 000 | 02454nam0a2200421 4500 | ||
|---|---|---|---|
| 001 | RU\NLR\BIBL_A\022008135 | ||
| 005 | 20240307110516.0 | ||
| 010 |
_a978-5-00173-909-8 _9500 |
||
| 021 |
_aRU _bКН-П-23-045228 _9КН-П-23-4527 |
||
| 035 | _a(NLR Aleph) 022008135 | ||
| 035 | _a(RuMoRGB)011873679 | ||
| 090 |
_a12475517 _c12475517 |
||
| 100 | _a20230821d2023 k y0rusy50 ca | ||
| 101 | 0 |
_arus _aeng |
|
| 102 | _aRU | ||
| 105 | _aa z 000zy | ||
| 181 | 0 |
_ai3 _baxxe |
|
| 182 | 0 | _an | |
| 200 | 1 |
_aСовременное общество, наука и образование: актуальные вопросы, достижения и инновации _eмонография _fБеляев В. В., Владимиров С. В., Гараева Е. А. [и др.] _gпод общ. ред. Г. Ю. Гуляева _gМеждународный центр научного сотрудничества "Наука и просвещение" |
|
| 203 |
_aТекст _bвизуальный _cнепосредственный |
||
| 210 |
_aПенза _cМЦНС "Наука и просвещение" _d2023 |
||
| 215 |
_a194 с. _cил., табл. _d21 |
||
| 300 | _aАвт. указаны на обороте тит. с. | ||
| 300 | _aЧасть текста парал. на рус. и англ. яз. | ||
| 320 | _aБиблиогр. в конце гл. и в подстроч. примеч. | ||
| 606 | 1 |
_aОбразование _z21 в. _92492412 _3RU\NLR\AUTH\661478793 |
|
| 606 | 1 |
_aСоциально-экономическое развитие _92111146 _3RU\NLR\AUTH\661275867 |
|
| 686 | 1 | _aЧ34(0) | |
| 686 | 1 | _aУ010.5 | |
| 701 | 1 |
_aБеляев _bВ. В. _cканд. техн. наук, образоват. технологии _gВладислав Владимирович _9265649 _3RU\NLR\AUTH\770265705 |
|
| 701 | 1 |
_7ca _8rus _aВладимиров _bС. В. _cканд. юрид. наук _gСергей Владиславович _9103389 _3RU\NLR\AUTH\77120464 |
|
| 701 | 1 |
_aГараева _bЕ. А. _gЕкатерина Александровна |
|
| 702 | 1 |
_aГуляев _bГ. Ю. _f1988- _gГерман Юрьевич _4340 |
|
| 712 | 0 | 2 |
_4475 _a"Наука и просвещение", международный центр научного сотрудничества _cПенза _9669536 _3RU\NLR\AUTH\880504801 |
| 942 | _cBOOK | ||
| 980 | _aNB | ||